000 00519nam a22001697a 4500
005 20260202151722.0
008 260202b |||||||| |||| 00| 0 eng d
020 _a978-178583535-3
050 _aLB 1025.3 .B 46 2021
_b1
100 _aDAVIES, CAROLINE BENTLEY
245 _aSTICKY TEACHING AND LEARNING
260 _aWALES,
_bCROWN HOUSE PUBLISHING LIMITED,
_c2021.
300 _aIX, 166 P: ILL
500 _a INCLUDES BIBLIOGRAPHICAL REFERENCES
650 _aTEACHING, LEARNING , PSYCHOLOGY OF
942 _2lcc
_cBK
999 _c216506
_d216506